Giáo trình quản lý xây dựng

Wedi'i Gadw mewn:
Manylion Llyfryddiaeth
Fformat: Llyfr
Iaith:Undetermined
Cyhoeddwyd: H. Xây dựng 2009
Pynciau:
Mynediad Ar-lein:http://lrc.tdmu.edu.vn/opac/search/detail.asp?aID=2&ID=3571
Tagiau: Ychwanegu Tag
Dim Tagiau, Byddwch y cyntaf i dagio'r cofnod hwn!
Thư viện lưu trữ: Trung tâm Học liệu Trường Đại học Thủ Dầu Một
LEADER 00548nam a2200181Ia 4500
001 TDMU_3571
008 210410s9999 xx 000 0 und d
082 |a 624.068 
090 |b B6301 
245 0 |a Giáo trình quản lý xây dựng 
245 0 |c Bộ xây dựng 
260 |a H. 
260 |b Xây dựng 
260 |c 2009 
300 |a 133tr. 
650 |a Xây dựng  |x Quản lý 
856 |u http://lrc.tdmu.edu.vn/opac/search/detail.asp?aID=2&ID=3571 
980 |a Trung tâm Học liệu Trường Đại học Thủ Dầu Một